| 000 | 01909nam a2200301 4500 | ||
|---|---|---|---|
| 001 | 114316 | ||
| 003 | DR-UNIBE | ||
| 005 | 20260122115035.0 | ||
| 008 | 260122b2009 dr ||||| |||| 00| 0 spa d | ||
| 020 | _a9789945427516 | ||
| 040 |
_aBIBLIOTECA UNIBE _bspa _cBIBLIOTECA UNIBE _erda |
||
| 041 | _aspa | ||
| 082 | _2RD 867.44 R457v | ||
| 100 | 1 | 0 |
_aReyes, Víctor Manuel, _d1960- _9201788 _eautor |
| 245 | 1 | 0 |
_aVivo de la risa / _cVíctor Reyes |
| 250 | _aPrimera edición | ||
| 260 |
_aSanto Domingo : _bEditora Ortega, _c2009 |
||
| 300 |
_a157 páginas : _c20 x 13 cm |
||
| 500 | _aInformación del autor em las solapas, comentario de la misma en la contraportada | ||
| 505 | _aPrólogo | Palabras del autor | Las fotos | Reflexiones | Curiosidades | Las bodas | Salpicones | Palabrerías | Cosas de autos | Pa´que te cure | Tv manía | La pelotica | El librero | Entrevista al señor Pergamino | La librería de Pergamino Concepción | Las mentiras | Dime en lo que andas y te diré quien eres | Frases celebres | Injusticias | Epitafios en los cementerios | Siempre que usted lápida | Los feos | Las navidades | Cosas que pueden pasar | Cosas que no podrían pasar | La pela | Abc-darío | El diccionario del abc-darío | Las frutas | Cosas de la televisión | Letreros, ujum, mejor dicho, grafitis | Los juguetes | Cosas que usted nunca va a ver | Cuando chiquito yo pensaba | Clases de idiomas | Los pobres y los ricos | ||
| 650 | 7 |
_2lemb _aHumorismo dominicano _9201800 |
|
| 700 | 1 | 0 |
_aMartí, Luisito, _q(Martí Hernández Luis Bernardo ), _d1945-2010 _9201789 _eprologuista |
| 700 | 1 | 0 |
_aHonoret, Jorge Dinavit _9201794 _ecuidado de la edición |
| 700 | 1 | 0 |
_aAlba, Luis _9201795 _eidea de caricatura |
| 700 | 1 | 0 |
_aHernández, Cristian _956837 _ecaricaturista |
| 700 | 1 | 0 |
_aSantana, Amado, _q(Santana Chalas, Amado Alexis) _947845 _ediseñador |
| 942 |
_2ddc _cBK |
||
| 999 |
_c114316 _d114316 |
||